KOHA-Header-6

When Teams Work: How to develop and lead a high-performing team (Record no. 13997)

000 -LEADER
fixed length control field 00330nam a22001217a 4500
020 ## - INTERNATIONAL STANDARD BOOK NUMBER
ISBN 9781292278483
082 ## - DEWEY DECIMAL CLASSIFICATION NUMBER
Classification number 658.31
100 ## - MAIN ENTRY--AUTHOR NAME
Personal name Mike Brent, Fiona Elsa Dent and Nigel Melville
245 ## - TITLE STATEMENT
Title When Teams Work: How to develop and lead a high-performing team
260 ## - PUBLICATION, DISTRIBUTION, ETC. (IMPRINT)
Place of publication UK
Name of publisher Pearson
Year of publication 2022
300 ## - PHYSICAL DESCRIPTION
Number of Pages 204 pages
942 ## - ADDED ENTRY ELEMENTS (KOHA)
Koha item type Books
Holdings
Withdrawn status Lost status Collection code Permanent Location Current Location Shelving location Date acquired Full call number Accession Number Koha item type
    Management MAJU MAJU Shelf No.A-6 2025-04-29 658.31 11084 Books

Powered by Koha